000
00309nam a22001217a 4500
008
230629b xxu||||| |||| 00| 0 eng d
082
_a
348.
_b
CLB 1992
245
_a
Commonwealth Law Bulletin
260
_b
Commonwealth Secretariat
_c
1992
300
_a
XVIII,406p
440
_n
1
_v
18
_x
03050718
942
_2
ddc
_c
BK
999
_c
3123
_d
3123